Statistics for Honda or Hyundai?

Click here to take the quiz!

General Stats

  • This quiz has been taken 6 times
  • The average score is 12 of 16

Answer Stats

QuestionAnswer% Correct
FitHonda
100%
CivicHonda
100%
LegendHonda
100%
SonataHyundai
100%
GrandeurHyundai
100%
InspireHonda
80%
TodayHonda
80%
NexoHyundai
80%
TiburonHyundai
80%
CretaHyundai
80%
LogoHonda
60%
Del SolHonda
60%
MatrixHyundai
60%
AccentHyundai
40%
Bonus: Who manufactured the "Sigma" engineHyundai
40%
EquusHonda
0%

Score Distribution

Percentile by Number Answered

Percent of People with Each Score

Your Score History

You have not taken this quiz